I've been wondering / (Record no. 6230)

MARC details
000 -LEADER
fixed length control field 00646cam a22002411i 4500
001 - CONTROL NUMBER
control field 8867587
003 - CONTROL NUMBER IDENTIFIER
control field GBCCL
005 - DATE AND TIME OF LATEST TRANSACTION
control field 20241126110558.0
008 - FIXED-LENGTH DATA ELEMENTS--GENERAL INFORMATION
fixed length control field 791114s1956 tnu 000 0 eng
010 ## -
-- 56008676
035 ## - SYSTEM CONTROL NUMBER
System control number (OCoLC)5693968
040 ## - CATALOGING SOURCE
Original cataloging agency DLC
Transcribing agency MoKMB
Modifying agency DLC
042 ## -
-- premarc
050 00 -
-- HQ796
-- .C82
082 ## - DEWEY DECIMAL CLASSIFICATION NUMBER
Classification number 305.235
Item number COT
100 1# - MAIN ENTRY--PERSONAL NAME
Personal name Cothern, Fayly H
9 (RLIN) 11175
245 10 - TITLE STATEMENT
Title I've been wondering /
Statement of responsibility, etc. Fayly H. Cothern
260 ## - PUBLICATION, DISTRIBUTION, ETC.
Place of publication, distribution, etc. Nashville:
Name of publisher, distributor, etc. Broadman Press,
Date of publication, distribution, etc. [1956].
300 ## - PHYSICAL DESCRIPTION
Extent 121 p.;
Dimensions 21 cm.
650 #0 - SUBJECT ADDED ENTRY--TOPICAL TERM
Topical term or geographic name entry element Adolescence.
9 (RLIN) 6060
906 ## - LOCAL DATA ELEMENT F, LDF (RLIN)
a 7
b cbc
c oclcrpl
d u
e ncip
f 19
g y-gencatlg
942 ## - ADDED ENTRY ELEMENTS (KOHA)
Source of classification or shelving scheme Dewey Decimal Classification
Koha item type Books
Koha issues (borrowed), all copies 3
Holdings
Withdrawn status Lost status Source of classification or shelving scheme Damaged status Not for loan Home library Current Library Shelving location Date acquired Total checkouts Full call number Barcode Date last seen Date last checked out Copy number Price effective from Koha item type
    Dewey Decimal Classification     GRACE BIBLE COLLEGE GRACE BIBLE COLLEGE General Studies 2018-05-04 3 305.235 COT 008960 2025-05-01 2023-02-02 c.1 2018-05-04 Books
© Grace Bible College Library 2025